| Tag |
First Indicator |
Second Indicator |
Subfields |
| LEADER |
00000cam a2200000 a 4500 |
| 001 |
in00002052220 |
| 005 |
20151101064105.0 |
| 008 |
940429s1994 enka b 001 0 eng |
| 010 |
|
|
|a 94012567
|
| 015 |
|
|
|a GB94-54912
|
| 019 |
|
|
|a 32387869
|
| 020 |
|
|
|a 1857280997
|
| 035 |
|
|
|a (OCoLC)ocm30475301
|
| 040 |
|
|
|a DLC
|c DLC
|d AKR
|d UKM
|d IOG
|d TXA
|d UtOrBLW
|
| 049 |
|
|
|a TXAM
|
| 050 |
0 |
0 |
|a HT1521
|b .R23518 1994
|
| 082 |
0 |
0 |
|a 305.8
|2 20
|
| 245 |
0 |
0 |
|a "Race", ethnicity, and nation :
|b international perspectives on social conflict /
|c edited by Peter Ratcliffe.
|
| 246 |
1 |
4 |
|a "Race", ethnicity & nation
|
| 264 |
|
1 |
|a London :
|a Bristol, Pa. :
|b UCL Press,
|c 1994.
|
| 300 |
|
|
|a viii, 248 pages :
|b illustrations ;
|c 22 cm.
|
| 336 |
|
|
|a text
|b txt
|2 rdacontent
|
| 337 |
|
|
|a unmediated
|b n
|2 rdamedia
|
| 338 |
|
|
|a volume
|b nc
|2 rdacarrier
|
| 504 |
|
|
|a Includes bibliographical references and index.
|
| 505 |
0 |
0 |
|t Conceptualizing "race," ethnicity and nation : towards a comparative perspective /
|r Peter Ratcliffe --
|t State, nation and ethnie : the processual linkages /
|r T.K. Oommen --
|t Dilemma persists : race, class and inquality in American life /
|r Walter R. Allen --
|t Race and ethnic relations in Australia : theory, methods, and substance /
|r Christine Inglis --
|t South Africa : from "race" to non-racialism? /
|r Rupert Taylor --
|t "Race" in Britain : theory, methods and substance /
|r Peter Ratcliffe --
|t Linkages between methodology, research and theory in race and ethnic studies : a case study of Sri Lanka /
|r Radhika Coomaraswamy --
|t Etho-nationalism in India : political, historical and sociological discourse /
|r Ashok Kaul --
|t Dialectics of theory and research on race and ethnicity in Nigeria /
|r L. Adele Jinadu --
|t Community and ethnicity in Israel : interrelationships of theory and practice /
|r Devorah Kalekin-Fishman --
|t Nation, race and ethnicity in Poland /
|r Antonina Kłoskowska --
|t Between west and east : Tartars in the former USSR /
|r Vasil Ziatdinov and Sviatoslav Grigoriev.
|
| 650 |
|
0 |
|a Racism.
|
| 650 |
|
0 |
|a Ethnicity.
|
| 650 |
|
0 |
|a Social conflict.
|
| 653 |
0 |
|
|a Ethnic groups
|a Conflict
|
| 700 |
1 |
|
|a Ratcliffe, Peter,
|d 1948-
|
| 994 |
|
|
|a C0
|b TXA
|
| 948 |
|
|
|a cataloged
|b h
|c 2005/5/9
|d c
|e tmweaver
|f 5:02:14 pm
|
| 999 |
|
|
|a MARS
|
| 999 |
f |
f |
|s b59a79f2-e315-3d48-bee6-a7c178c1ac11
|i 8aa968f2-bf82-31c0-afac-2ca6bd13fab8
|t 0
|
| 952 |
f |
f |
|p noncirc
|a Texas A&M University
|b College Station
|c Cushing Memorial Library & Archives
|d Cushing: Area Studies/Africana (Does not check out)
|t 0
|e HT1521 .R23518 1994
|h Library of Congress classification
|i unmediated -- volume
|
| 998 |
f |
f |
|a HT1521 .R23518 1994
|t 0
|l Cushing: Area Studies/Africana (Does not check out)
|